International Business 13/e

Gardado en:
Detalles Bibliográficos
Autor Principal: Hill
Formato: Libro
Publicado: MGH
Tags: Engadir etiqueta
Sen Etiquetas, Sexa o primeiro en etiquetar este rexistro!

MARC

LEADER 00000nam a2200000Ia 4500
005 20260513122055.0
020 |a 9789355324771 
100 |a Hill 
365 |c Rs. 
365 |b 25.00 
942 |c BK 
245 |a International Business 13/e 
260 |b MGH 
999 |c 127  |d 127 
952 |0 0  |1 0  |4 0  |7 0  |a UNSW  |b UNSW  |d 2026-05-06  |g 1140.00  |i 16681  |l 0  |p 000007  |r 2026-05-13 12:20:55  |v 1140.00  |w 2026-05-13  |y BK 
952 |0 0  |1 0  |4 0  |7 0  |a UNSW  |b UNSW  |d 2026-05-06  |g 1140.00  |i 16683  |l 0  |p 000049  |r 2026-05-13 12:20:55  |v 1140.00  |w 2026-05-13  |y BK 
952 |0 0  |1 0  |4 0  |7 0  |a UNSW  |b UNSW  |d 2026-05-06  |g 1140.00  |i 16682  |l 0  |p 000144  |r 2026-05-13 12:20:55  |v 1140.00  |w 2026-05-13  |y BK